00334nam a2200145Ia 4500008004100000084001300041100002100054245002000075250002000095260000900115260000900124260001100133300000900144500003500153180424s9999 xx 000 0 und d aT10 S254 a"Shivakannan, A" 0aPesum Suvadukal a\\199700TAMGPSX aNCBH b1997 cMadras a113p aincludes index and biblioraphy